[Event "Cardiff Welsh op"]
[Site "Cardiff"]
[Date "2022.04.18"]
[Round "6"]
[White "Owen, Bob"]
[Black "Liyanage, Hasini Pamuditha"]
[Result "1-0"]
[WhiteElo "1320"]
[BlackElo "1117"]
[PlyCount "53"]
[EventDate "2022.04.15"]
[EventType "swiss"]
[EventRounds "7"]
[EventCountry "WLS"]
[SourceTitle "CBM 207 Extra"]
[Source "ChessBase"]
[SourceDate "2022.05.31"]
[SourceVersion "1"]
[SourceVersionDate "2022.05.31"]
[SourceQuality "1"]

1. d4 Nf6 2. e3 g6 3. Nf3 Bg7 4. Bd3 d6 5. c3 0-0 6. Nbd2 Nbd7 7. 0-0 Re8 8. Re1 e5 9. Bb1 e4 10. Ng5 d5 11. Nh3 Nb6 12. Nf4 Bg4 13. Qb3 g5 14. Ne2 Bxe2 15. Rxe2 h5 16. Qd1 Qd6 17. f4 gxf4 18. exf4 e3 19. Nf1 Qxf4 20. Qd3 Re4 21. Bxe3 Qd6 22. g3 Nc4 23. a3 Nxe3 24. Nxe3 Re7 25. Nf5 Rxe2 26. Nxd6 Re1+ 27. Kf2 1-0

[Event "Cardiff Welsh op"]
[Site "Cardiff"]
[Date "2022.04.17"]
[Round "5"]
[White "Liyanage, Hasini Pamuditha"]
[Black "Norris, David"]
[Result "1-0"]
[WhiteElo "1117"]
[BlackElo "1554"]
[PlyCount "131"]
[EventDate "2022.04.15"]
[EventType "swiss"]
[EventRounds "7"]
[EventCountry "WLS"]
[SourceTitle "CBM 207 Extra"]
[Source "ChessBase"]
[SourceDate "2022.05.31"]
[SourceVersion "1"]
[SourceVersionDate "2022.05.31"]
[SourceQuality "1"]

1. d4 e6 2. c4 c5 3. e3 cxd4 4. exd4 Bb4+ 5. Nc3 b6 6. Qf3 Qc7 7. Bf4 e5 8. Bxe5 Bb7 9. Bxc7 Bxf3 10. Nxf3 Nf6 11. a3 Bxc3+ 12. bxc3 Nc6 13. Bd3 Rc8 14. Be5 Nxe5 15. dxe5 Nh5 16. g3 b5 17. Rb1 bxc4 18. Bxc4 Ke7 19. Rb4 Rc5 20. 0-0 Rhc8 21. Bb3 Rxc3 22. Ng5 f6 23. exf6+ Nxf6 24. Re1+ Kf8 25. Ne4 Rc1 26. Rxc1 Rxc1+ 27. Kg2 Nxe4 28. Rxe4 Rc3 29. Rb4 Ke7 30. a4 Rc8 31. Rf4 Kd6 32. Rc4 Rxc4 33. Bxc4 Kc5 34. Be2 d5 35. Kf1 Kb4 36. Bd1 Kc3 37. f4 Kd2 38. Bf3 d4 39. Kf2 Kc3 40. g4 h6 41. h4 d3 42. g5 hxg5 43. fxg5 Kd4 44. Kg3 Ke5 45. Kg4 a5 46. h5 d2 47. h6 gxh6 48. gxh6 Kf6 49. Kh5 Kf7 50. Kg5 Kg8 51. Kf6 Kh7 52. Ke5 Kxh6 53. Kd4 Kg5 54. Ke3 Kf6 55. Kd4 Ke6 56. Kc5 Ke5 57. Kb5 Kd6 58. Kxa5 Kc7 59. Kb5 d1Q 60. Bxd1 Kb7 61. a5 Ka7 62. a6 Ka8 63. Ka5 Ka7 64. Kb5 Ka8 65. Kb6 Kb8 66. Bf3 1-0

[Event "Cardiff Welsh op"]
[Site "Cardiff"]
[Date "2022.04.16"]
[Round "3"]
[White "Liyanage, Hasini Pamuditha"]
[Black "Swamy, Anshul"]
[Result "0-1"]
[WhiteElo "1117"]
[BlackElo "1359"]
[PlyCount "74"]
[EventDate "2022.04.15"]
[EventType "swiss"]
[EventRounds "7"]
[EventCountry "WLS"]
[SourceTitle "CBM 207 Extra"]
[Source "ChessBase"]
[SourceDate "2022.05.31"]
[SourceVersion "1"]
[SourceVersionDate "2022.05.31"]
[SourceQuality "1"]

1. d4 d5 2. Nf3 Nf6 3. Bf4 Nc6 4. e3 e6 5. Bd3 Bd6 6. Ne5 Bxe5 7. Bxe5 Nxe5 8. dxe5 Nd7 9. f4 b6 10. Qg4 g6 11. Nd2 Bb7 12. Nf3 Qe7 13. a3 0-0-0 14. Nd4 a6 15. Qe2 c5 16. Bxa6 cxd4 17. Bxb7+ Kxb7 18. exd4 f6 19. c3 fxe5 20. dxe5 Qc5 21. a4 Ra8 22. Kd2 Rhc8 23. Rhc1 Qc4 24. Qxc4 Rxc4 25. g3 Nc5 26. Kc2 Re4 27. Re1 Rxe1 28. Rxe1 Rxa4 29. Rd1 Re4 30. b4 Nd7 31. Kd2 b5 32. Re1 Rc4 33. Kd3 Nb6 34. g4 Rxf4 35. h3 Nc4 36. Kc2 Rf2+ 37. Kb3 Rb2# 0-1